Football players starting with the letter K - Statistics

General Stats
  • This quiz has been taken 83 times
  • The average score is 10 of 16
Answer Stats
Picture Answer % Correct
Harry Kane
97%
Vincent Kompany
92%
N'Golo Kanté
91%
Joshua Kimmich
89%
Oliver Kahn
84%
Ibrahima Konaté
80%
Presnel Kimpembe
78%
Kalidou Koulibaly
73%
Dejan Kulusevski
66%
Aleksandar Kolarov
50%
Andrej Kramaric
50%
Daichi Kamada
42%
Kevin Kampl
42%
Randal Kolo Muani
42%
Teun Koopmeiners
39%
Boubacar Kamara
28%
No matching quizzes found
Score Distribution
Percent of People with Each Score
Percentile by Number Answered
Your Score History
You have not taken this quiz